[Event "Oberliga Ost-A 1819"]
[Site "Germany"]
[Date "2019.02.03"]
[Round "7.8"]
[White "Groeger, Stefan"]
[Black "Mueller, Giso"]
[Result "1-0"]
[WhiteElo "2116"]
[BlackElo "2124"]
[PlyCount "63"]
[EventDate "2018.10.21"]
[EventType "team-tourn"]
[EventRounds "11"]
[EventCountry "GER"]
[SourceTitle "EXT 2020"]
[Source "ChessBase"]
[SourceDate "2019.10.17"]
[SourceVersion "1"]
[SourceVersionDate "2019.10.17"]
[SourceQuality "1"]
[WhiteTeam "Halle USV"]
[BlackTeam "Leipzig VfB"]
[WhiteTeamCountry "GER"]
[BlackTeamCountry "GER"]

1. d4 Nf6 2. c4 c5 3. d5 b5 4. cxb5 a6 5. bxa6 g6 6. Nc3 Bxa6 7. Nf3 d6 8. g3 Bg7 9. Bg2 Nbd7 10. 0-0 Nb6 11. Rb1 Bc4 12. e4 Bxf1 13. Bxf1 0-0 14. b3 Nfd7 15. Qc2 e6 16. Bg5 Bf6 17. Bf4 exd5 18. Bxd6 Re8 19. Nxd5 Nxd5 20. exd5 Qb6 21. Bf4 Qb7 22. Bg2 Ra3 23. d6 Qa7 24. Qc4 Rxa2 25. Bh3 Ree2 26. Be3 Qb7 27. Bg2 Qb6 28. Qd5 Qa7 29. Bf1 Rec2 30. Bc4 Nb6 31. Qxc5 Ra1 32. Bxf7+ 1-0

[Event "Oberliga Ost-A 1819"]
[Site "Germany"]
[Date "2018.12.15"]
[Round "4.8"]
[White "Schuh, Ruediger"]
[Black "Mueller, Giso"]
[Result "1/2-1/2"]
[WhiteElo "2073"]
[BlackElo "2125"]
[PlyCount "40"]
[EventDate "2018.10.21"]
[EventType "team-tourn"]
[EventRounds "11"]
[EventCountry "GER"]
[SourceTitle "EXT 2020"]
[Source "ChessBase"]
[SourceDate "2019.10.17"]
[SourceVersion "1"]
[SourceVersionDate "2019.10.17"]
[SourceQuality "1"]
[WhiteTeam "Hoyerswerda"]
[BlackTeam "Leipzig VfB"]
[WhiteTeamCountry "GER"]
[BlackTeamCountry "GER"]

1. d4 Nf6 2. c4 c5 3. d5 e6 4. Nc3 exd5 5. cxd5 d6 6. e4 g6 7. h3 a6 8. a4 Bg7 9. Nf3 Nbd7 10. Bd3 Nh5 11. 0-0 Ne5 12. Nxe5 Bxe5 13. f4 Bd4+ 14. Kh2 Qh4 15. Qf3 Nf6 16. f5 gxf5 17. exf5 Rg8 18. Ne4 Nxe4 19. Bxe4 Be5+ 20. Bf4 Bxf4+ 1/2-1/2

[Event "Oberliga Ost-A 1213"]
[Site "Germany"]
[Date "2013.03.17"]
[Round "9.7"]
[White "Pfeufer, Lion"]
[Black "Mueller, Giso"]
[Result "0-1"]
[WhiteElo "2029"]
[BlackElo "2145"]
[PlyCount "54"]
[EventDate "2012.10.14"]
[EventType "team-tourn"]
[EventRounds "11"]
[EventCountry "GER"]
[SourceTitle "EXT 2014"]
[Source "ChessBase"]
[SourceDate "2013.11.20"]
[SourceVersion "1"]
[SourceVersionDate "2013.11.20"]
[SourceQuality "1"]
[WhiteTeam "Plauen Koenig"]
[BlackTeam "Leipzig VfB"]
[WhiteTeamCountry "GER"]
[BlackTeamCountry "GER"]

1. e4 e6 2. d4 d5 3. Nd2 Nf6 4. e5 Nfd7 5. Ngf3 c5 6. c3 Nc6 7. Be2 a5 8. 0-0 g6 9. Nb1 Bg7 10. Na3 0-0 11. Nb5 cxd4 12. cxd4 f6 13. exf6 Nxf6 14. Bg5 Qb6 15. Bf4 Ne8 16. Bg3 Bd7 17. Rc1 Rxf3 18. gxf3 Nxd4 19. Nxd4 Bxd4 20. Rc2 e5 21. Bxe5 Bxe5 22. Qxd5+ Qe6 23. Qxb7 Rc8 24. Rxc8 Bxc8 25. Qa8 Nd6 26. Ba6 Qh3 27. Qd5+ Nf7 0-1

[Event "Oberliga Ost-A 1213"]
[Site "Germany"]
[Date "2013.02.03"]
[Round "7.7"]
[White "Hansch, Stephan"]
[Black "Mueller, Giso"]
[Result "0-1"]
[WhiteElo "1920"]
[BlackElo "2145"]
[PlyCount "50"]
[EventDate "2012.10.14"]
[EventType "team-tourn"]
[EventRounds "11"]
[EventCountry "GER"]
[SourceTitle "EXT 2014"]
[Source "ChessBase"]
[SourceDate "2013.11.20"]
[SourceVersion "1"]
[SourceVersionDate "2013.11.20"]
[SourceQuality "1"]
[WhiteTeam "Magdeburg Aufbau Elbe"]
[BlackTeam "Leipzig VfB"]
[WhiteTeamCountry "GER"]
[BlackTeamCountry "GER"]

1. d4 Nf6 2. Nf3 c5 3. e3 e6 4. Bd3 d5 5. b3 Nc6 6. Nbd2 cxd4 7. exd4 Bd6 8. 0-0 0-0 9. Bb2 a5 10. a3 b6 11. Ne5 Qc7 12. f4 Ba6 13. c4 Rfd8 14. g4 dxc4 15. bxc4 Nxd4 16. Bxd4 Bxe5 17. fxe5 Rxd4 18. exf6 Rxd3 19. Qe1 Qc5+ 20. Rf2 Re3 21. Qf1 Rd8 22. Rd1 Red3 23. Qg2 Rxd2 24. Rdxd2 Rxd2 25. Qa8+ Bc8 0-1

[Event "Oberliga Ost-A 1213"]
[Site "Germany"]
[Date "2013.02.02"]
[Round "6.8"]
[White "Hansch, Torsten"]
[Black "Mueller, Giso"]
[Result "1-0"]
[WhiteElo "2080"]
[BlackElo "2145"]
[PlyCount "67"]
[EventDate "2012.10.14"]
[EventType "team-tourn"]
[EventRounds "11"]
[EventCountry "GER"]
[SourceTitle "EXT 2014"]
[Source "ChessBase"]
[SourceDate "2013.11.20"]
[SourceVersion "1"]
[SourceVersionDate "2013.11.20"]
[SourceQuality "1"]
[WhiteTeam "Magdeburg Rochade"]
[BlackTeam "Leipzig VfB"]
[WhiteTeamCountry "GER"]
[BlackTeamCountry "GER"]

1. e4 e6 2. d3 d5 3. Nd2 Nf6 4. g3 dxe4 5. dxe4 e5 6. Bg2 Bc5 7. Ngf3 0-0 8. 0-0 Nc6 9. Qe2 a5 10. Nb3 Bd6 11. Bg5 b6 12. Rfd1 Ba6 13. Qe1 a4 14. Nc1 a3 15. b3 Qe7 16. Bf1 Bb7 17. Nd3 Rfe8 18. c3 h6 19. Bxf6 Qxf6 20. Qe3 Kh7 21. Bh3 Ne7 22. Nd2 Ba6 23. Rab1 Red8 24. Nc4 Bxc4 25. bxc4 Ra4 26. c5 bxc5 27. Nxc5 Rc4 28. Nb7 Ra8 29. Bd7 Nc6 30. Qd3 Raa4 31. Nxd6 cxd6 32. Qxd6 Rxc3 33. Bf5+ Kg8 34. Rb8+ 1-0

[Event "Oberliga Ost-A 1213"]
[Site "Germany"]
[Date "2012.12.09"]
[Round "4.8"]
[White "Mueller, Giso"]
[Black "Kulke, Tobias"]
[Result "1-0"]
[WhiteElo "2145"]
[BlackElo "2140"]
[PlyCount "89"]
[EventDate "2012.10.14"]
[EventType "team-tourn"]
[EventRounds "11"]
[EventCountry "GER"]
[SourceTitle "EXT 2014"]
[Source "ChessBase"]
[SourceDate "2013.11.20"]
[SourceVersion "1"]
[SourceVersionDate "2013.11.20"]
[SourceQuality "1"]
[WhiteTeam "Leipzig VfB"]
[BlackTeam "Chemnitz"]
[WhiteTeamCountry "GER"]
[BlackTeamCountry "GER"]

1. e4 c5 2. d4 cxd4 3. c3 d3 4. Bxd3 Nc6 5. Nf3 d6 6. 0-0 g6 7. Be3 Bg7 8. Nbd2 Nf6 9. h3 0-0 10. Nd4 Nd7 11. Be2 a6 12. b4 Qc7 13. Qb3 b6 14. Rac1 Bb7 15. a4 Rac8 16. Bc4 Nce5 17. Be2 Nc6 18. f4 e5 19. Nxc6 Qxc6 20. f5 Kh8 21. Bd3 f6 22. Bc4 b5 23. axb5 axb5 24. Be6 Rcd8 25. c4 Nb6 26. c5 Na4 27. Bd5 Qa6 28. c6 Ba8 29. Qc2 Rc8 30. Nb3 Rc7 31. fxg6 hxg6 32. Qf2 g5 33. Qe2 Bh6 34. Qh5 Rh7 35. Qg6 Bg7 36. Na5 Rh6 37. Qf5 Qc8 38. Be6 Qc7 39. Rc2 Nb6 40. g3 Rh7 41. Kg2 Re8 42. Bxb6 Qxb6 43. Bd7 Rf8 44. c7 Qe3 45. Nc6 1-0

[Event "Oberliga Ost-A 1213"]
[Site "Germany"]
[Date "2012.11.10"]
[Round "2.7"]
[White "Roemling, Sven"]
[Black "Mueller, Giso"]
[Result "1-0"]
[WhiteElo "2199"]
[BlackElo "2145"]
[PlyCount "57"]
[EventDate "2012.10.14"]
[EventType "team-tourn"]
[EventRounds "11"]
[EventCountry "GER"]
[SourceTitle "EXT 2014"]
[Source "ChessBase"]
[SourceDate "2013.11.20"]
[SourceVersion "1"]
[SourceVersionDate "2013.11.20"]
[SourceQuality "1"]
[WhiteTeam "Leipzig SG II"]
[BlackTeam "Leipzig VfB"]
[WhiteTeamCountry "GER"]
[BlackTeamCountry "GER"]

1. Nf3 Nf6 2. d4 c5 3. e3 d5 4. c4 Nc6 5. Nc3 e6 6. Be2 a6 7. 0-0 dxc4 8. Bxc4 b5 9. Bd3 Bb7 10. Ne4 Nxe4 11. Bxe4 Qb6 12. Ng5 Be7 13. Qh5 g6 14. Qh6 Bf6 15. a4 b4 16. d5 Nd8 17. Rd1 exd5 18. Bxd5 Bxd5 19. Rxd5 Ne6 20. e4 Bg7 21. Qh3 Nxg5 22. Qd7+ Kf8 23. Bxg5 Bxb2 24. e5 Qe6 25. Bh6+ Kg8 26. Rad1 Qxd7 27. Rxd7 Bd4 28. e6 fxe6 29. R1xd4 1-0

[Event "Oberliga Ost-A 1213"]
[Site "Germany"]
[Date "2012.10.14"]
[Round "1.7"]
[White "Mueller, Giso"]
[Black "Selle, Thomas"]
[Result "1-0"]
[WhiteElo "2145"]
[BlackElo "2093"]
[PlyCount "53"]
[EventDate "2012.10.14"]
[EventType "team-tourn"]
[EventRounds "11"]
[EventCountry "GER"]
[SourceTitle "EXT 2014"]
[Source "ChessBase"]
[SourceDate "2013.11.20"]
[SourceVersion "1"]
[SourceVersionDate "2013.11.20"]
[SourceQuality "1"]
[WhiteTeam "Leipzig VfB"]
[BlackTeam "Dessau"]
[WhiteTeamCountry "GER"]
[BlackTeamCountry "GER"]

1. e4 c5 2. Nf3 d6 3. Bb5+ Bd7 4. a4 Nc6 5. 0-0 Nf6 6. Re1 e6 7. c3 Be7 8. d4 cxd4 9. cxd4 a6 10. Bf1 0-0 11. Nc3 Qb6 12. d5 Ne5 13. Nd4 Neg4 14. a5 Qa7 15. h3 e5 16. hxg4 exd4 17. Na4 Nxg4 18. Nb6 d3 19. Bxd3 Bf6 20. Be2 h5 21. Bxg4 Bxg4 22. f3 Bc8 23. Be3 Qb8 24. Bd4 Bh4 25. Re2 Bg3 26. Rc2 Bf4 27. Ra3 1-0

[Event "Oberliga Ost-A 1112"]
[Site "Germany"]
[Date "2012.04.15"]
[Round "11.6"]
[White "Hoffmann, Uwe1111"]
[Black "Mueller, Giso"]
[Result "1/2-1/2"]
[WhiteElo "2170"]
[BlackElo "2123"]
[PlyCount "30"]
[EventDate "2011.09.25"]
[EventType "team-tourn"]
[EventRounds "11"]
[EventCountry "GER"]
[SourceTitle "EXT 2013"]
[Source "ChessBase"]
[SourceDate "2012.11.22"]
[SourceVersion "1"]
[SourceVersionDate "2012.11.22"]
[SourceQuality "1"]
[WhiteTeam "Magdeburg Rochade"]
[BlackTeam "Leipzig VfB"]
[WhiteTeamCountry "GER"]
[BlackTeamCountry "GER"]

1. d4 Nf6 2. c4 c5 3. Nf3 e6 4. Nc3 a6 5. e4 cxd4 6. Nxd4 Bb4 7. Bd3 Qc7 8. 0-0 Nc6 9. Nxc6 dxc6 10. Qb3 Ng4 11. g3 Bc5 12. Be2 e5 13. Nd1 Bd7 14. Ne3 h5 15. Nxg4 hxg4 1/2-1/2

[Event "Oberliga Ost-A 1112"]
[Site "Germany"]
[Date "2011.11.20"]
[Round "4.8"]
[White "Mueller, Giso"]
[Black "Dobierzin, Olaf"]
[Result "1/2-1/2"]
[WhiteElo "2123"]
[BlackElo "2107"]
[PlyCount "57"]
[EventDate "2011.09.25"]
[EventType "team-tourn"]
[EventRounds "11"]
[EventCountry "GER"]
[SourceTitle "EXT 2013"]
[Source "ChessBase"]
[SourceDate "2012.11.22"]
[SourceVersion "1"]
[SourceVersionDate "2012.11.22"]
[SourceQuality "1"]
[WhiteTeam "Leipzig VfB"]
[BlackTeam "Leipzig SG II"]
[WhiteTeamCountry "GER"]
[BlackTeamCountry "GER"]

1. e4 c5 2. d4 cxd4 3. c3 Nf6 4. e5 Nd5 5. cxd4 Nc6 6. Nc3 Nxc3 7. bxc3 d6 8. exd6 Qxd6 9. Nf3 Bg4 10. h3 Bxf3 11. Qxf3 e6 12. Rb1 Qd7 13. Bd3 Be7 14. 0-0 0-0 15. Rd1 Rfd8 16. Bf4 g6 17. Be4 f5 18. Bd3 Rac8 19. Qe2 Na5 20. Rb5 b6 21. Re1 Bf6 22. Rxa5 bxa5 23. Bc4 Rxc4 24. Qxc4 Kf7 25. Qc7 a4 26. Qa5 Rc8 27. Rb1 Bd8 28. Qa6 Bb6 29. Be5 1/2-1/2

[Event "Oberliga Ost-A 1112"]
[Site "Germany"]
[Date "2011.10.23"]
[Round "3.6"]
[White "Eidner, Falk"]
[Black "Mueller, Giso"]
[Result "0-1"]
[WhiteElo "2032"]
[BlackElo "2123"]
[PlyCount "88"]
[EventDate "2011.09.25"]
[EventType "team-tourn"]
[EventRounds "11"]
[EventCountry "GER"]
[SourceTitle "EXT 2013"]
[Source "ChessBase"]
[SourceDate "2012.11.22"]
[SourceVersion "1"]
[SourceVersionDate "2012.11.22"]
[SourceQuality "1"]
[WhiteTeam "Chemnitz"]
[BlackTeam "Leipzig VfB"]
[WhiteTeamCountry "GER"]
[BlackTeamCountry "GER"]

1. e4 e6 2. d4 d5 3. Nc3 Bb4 4. e5 c5 5. a3 Bxc3+ 6. bxc3 Ne7 7. Qg4 0-0 8. Bd3 Qa5 9. Bd2 Nbc6 10. Nf3 f5 11. exf6 Rxf6 12. Qh5 Nf5 13. g4 c4 14. Bxf5 exf5 15. g5 Re6+ 16. Kf1 g6 17. Qh4 Re4 18. Qh6 Bd7 19. Nh4 Nxd4 20. Nxg6 Nf3 21. Be3 Re6 22. Qh3 Rxg6 23. Qxf3 d4 24. Bxd4 Bc6 25. Qf4 Bxh1 26. f3 Qd5 27. Kf2 Bxf3 28. Qxf3 Qxf3+ 29. Kxf3 Rxg5 30. Re1 Kf7 31. h4 Rg4 32. Re5 Rxh4 33. Rxf5+ Ke6 34. Rc5 Rf8+ 35. Kg3 Rh6 36. Re5+ Kd7 37. Bxa7 Rg6+ 38. Kh2 b6 39. Rb5 Kc7 40. Re5 Rf7 41. Re8 Kb7 42. Bb8 Rf5 43. Bg3 Rh5+ 44. Kg2 Rhg5 0-1

[Event "Oberliga Ost-A 1011"]
[Site "Germany"]
[Date "2010.12.12"]
[Round "4.6"]
[White "Guenther, Christian1111"]
[Black "Mueller, Giso"]
[Result "1/2-1/2"]
[WhiteElo "2113"]
[BlackElo "2136"]
[PlyCount "33"]
[EventDate "2010.10.24"]
[EventType "team-tourn"]
[EventRounds "11"]
[EventCountry "GER"]
[SourceTitle "EXT 2012"]
[Source "ChessBase"]
[SourceDate "2011.11.24"]
[SourceVersion "1"]
[SourceVersionDate "2011.11.24"]
[SourceQuality "1"]
[WhiteTeam "Sangerhausen"]
[BlackTeam "Leipzig VfB"]
[WhiteTeamCountry "GER"]
[BlackTeamCountry "GER"]

1. d4 Nf6 2. c4 c5 3. d5 e6 4. Nc3 exd5 5. cxd5 d6 6. e4 g6 7. f4 Bg7 8. Nf3 0-0 9. Be2 b5 10. Bxb5 Nxe4 11. Nxe4 Qa5+ 12. Kf2 Qxb5 13. Nxd6 Qb6 14. Nc4 Qa6 15. Qe2 Bb7 16. Rd1 Nd7 17. Ne3 1/2-1/2

[Event "Oberliga Ost-A 1011"]
[Site "Germany"]
[Date "2010.11.14"]
[Round "3.6"]
[White "Mueller, Giso"]
[Black "Hoffmann, Uwe1111"]
[Result "1/2-1/2"]
[WhiteElo "2136"]
[BlackElo "2175"]
[PlyCount "21"]
[EventDate "2010.10.24"]
[EventType "team-tourn"]
[EventRounds "11"]
[EventCountry "GER"]
[SourceTitle "EXT 2012"]
[Source "ChessBase"]
[SourceDate "2011.11.24"]
[SourceVersion "1"]
[SourceVersionDate "2011.11.24"]
[SourceQuality "1"]
[WhiteTeam "Leipzig VfB"]
[BlackTeam "Magdeburg Rochade"]
[WhiteTeamCountry "GER"]
[BlackTeamCountry "GER"]

1. e4 g6 2. d4 Bg7 3. g3 c5 4. dxc5 Qa5+ 5. c3 Qxc5 6. Be3 Qc7 7. Bg2 d6 8. Na3 a6 9. Ne2 Nc6 10. Nc4 Nf6 11. Nb6 1/2-1/2

[Event "Oberliga Ost-A 0910"]
[Site "Germany"]
[Date "2009.11.29"]
[Round "4.8"]
[White "Richter, Jan"]
[Black "Mueller, Giso"]
[Result "1/2-1/2"]
[WhiteElo "2070"]
[BlackElo "2100"]
[PlyCount "82"]
[EventDate "2009.10.18"]
[EventType "team-tourn"]
[EventRounds "11"]
[EventCountry "GER"]
[SourceTitle "EXT 2011"]
[Source "ChessBase"]
[SourceDate "2010.11.26"]
[SourceVersion "1"]
[SourceVersionDate "2010.11.26"]
[SourceQuality "1"]
[WhiteTeam "Jena Schott"]
[BlackTeam "Leipzig VfB"]
[WhiteTeamCountry "GER"]
[BlackTeamCountry "GER"]

1. Nf3 Nf6 2. c4 c6 3. g3 d5 4. Bg2 dxc4 5. 0-0 g6 6. a4 Bg7 7. Na3 0-0 8. Nxc4 Na6 9. d3 Be6 10. Rb1 Bxc4 11. dxc4 Qxd1 12. Rxd1 Rfd8 13. Be3 Rxd1+ 14. Rxd1 Ng4 15. Bg5 Nc5 16. h3 Nf6 17. a5 a6 18. Be3 Ne6 19. b4 Kf8 20. Ne5 Rd8 21. Rxd8+ Nxd8 22. Bb6 Ke8 23. Bxd8 Kxd8 24. Nxf7+ Ke8 25. Ng5 Nd7 26. b5 cxb5 27. cxb5 axb5 28. Ne6 Bc3 29. Nc7+ Kf7 30. Bxb7 Bxa5 31. Nxb5 Nc5 32. Bd5+ Kf6 33. f4 g5 34. Kg2 gxf4 35. gxf4 e5 36. Kf3 Bd2 37. fxe5+ Kxe5 38. e4 Nd7 39. Na3 Bc1 40. Nc2 Nf6 41. Nb4 Bd2 1/2-1/2

[Event "Oberliga Ost-A 0910"]
[Site "Germany"]
[Date "2009.11.28"]
[Round "5.8"]
[White "Mueller, Giso"]
[Black "Andreas, Guenter"]
[Result "1-0"]
[WhiteElo "2100"]
[BlackElo "1987"]
[PlyCount "67"]
[EventDate "2009.10.18"]
[EventType "team-tourn"]
[EventRounds "11"]
[EventCountry "GER"]
[SourceTitle "EXT 2011"]
[Source "ChessBase"]
[SourceDate "2010.11.26"]
[SourceVersion "1"]
[SourceVersionDate "2010.11.26"]
[SourceQuality "1"]
[WhiteTeam "Leipzig VfB"]
[BlackTeam "Magdeburg USC"]
[WhiteTeamCountry "GER"]
[BlackTeamCountry "GER"]

1. e4 e5 2. Nf3 Nc6 3. d4 exd4 4. Nxd4 Bc5 5. Nf5 g6 6. Ne3 d6 7. Nc3 a6 8. Be2 Be6 9. 0-0 Nd4 10. Bd3 h5 11. Kh1 Nh6 12. Ncd5 Bxd5 13. exd5 Qh4 14. c3 Ndf5 15. Nxf5 Nxf5 16. Re1+ Ne7 17. Re4 Qf6 18. h4 Qg7 19. Qe2 f6 20. Be3 Kd7 21. Bxc5 dxc5 22. Rd1 Rae8 23. b4 f5 24. Re5 Nc8 25. f4 cxb4 26. c4 Nd6 27. c5 Ne4 28. Bxe4 Rxe5 29. fxe5 fxe4 30. Qxe4 Kc8 31. d6 Rd8 32. e6 cxd6 33. cxd6 Rxd6 34. Rxd6 1-0

[Event "Leutersdorf Muench Braeu op 12th"]
[Site "Leutersdorf"]
[Date "2007.02.14"]
[Round "7"]
[White "Schulz, Petra"]
[Black "Mueller, Giso"]
[Result "1-0"]
[WhiteElo "2063"]
[BlackElo "2173"]
[PlyCount "93"]
[EventDate "2007.02.10"]
[EventType "swiss"]
[EventRounds "7"]
[EventCountry "GER"]
[SourceTitle "EXT 2008"]
[Source "ChessBase"]
[SourceDate "2007.11.25"]
[SourceVersion "1"]
[SourceVersionDate "2007.11.25"]
[SourceQuality "1"]

1. e4 e6 2. d4 d5 3. e5 c5 4. c3 Bd7 5. Nf3 Qb6 6. Be2 Nc6 7. 0-0 Nge7 8. dxc5 Qc7 9. Nd4 Nxe5 10. f4 N5g6 11. b4 a6 12. Be3 Nh4 13. Nd2 Nhf5 14. Nxf5 Nxf5 15. Bd4 Nxd4 16. cxd4 g6 17. g3 Bg7 18. Nf3 0-0 19. a4 Rad8 20. b5 Bc8 21. Rc1 f6 22. c6 axb5 23. Bxb5 Qb6 24. Kg2 Rd6 25. cxb7 Bxb7 26. Re1 g5 27. fxg5 e5 28. gxf6 e4 29. fxg7 Rxf3 30. Rf1 Rdf6 31. Rxf3 Rxf3 32. Be2 Rb3 33. Qd2 e3 34. Qd1 Rb2 35. Kg1 Qf6 36. Qf1 Qxg7 37. Qf3 Rb4 38. Qxe3 Qxd4 39. Qxd4 Rxd4 40. Rc7 Rb4 41. a5 d4 42. a6 Be4 43. a7 Ra4 44. g4 Kf8 45. Bd3 Ra1+ 46. Kf2 Ra2+ 47. Kg3 1-0

[Event "Leutersdorf Muench Braeu op 07th"]
[Site "Leutersdorf"]
[Date "2002.02.16"]
[Round "8"]
[White "Mueller, Giso"]
[Black "Brauer, Christian E"]
[Result "1/2-1/2"]
[WhiteElo "1962"]
[BlackElo "2133"]
[PlyCount "29"]
[EventDate "2002.02.11"]
[EventType "swiss"]
[EventRounds "9"]
[EventCountry "GER"]
[SourceTitle "CBM 086 Extra"]
[Source "ChessBase"]
[SourceDate "2002.03.14"]
[SourceVersion "1"]
[SourceVersionDate "2002.03.14"]
[SourceQuality "1"]

1. e4 d6 2. d4 Nf6 3. f3 c6 4. c4 Qc7 5. Bd3 e5 6. Ne2 Be7 7. Be3 Nbd7 8. Nbc3 a6 9. Rc1 0-0 10. 0-0 Re8 11. Na4 b6 12. a3 Qb7 13. dxe5 dxe5 14. b4 a5 15. Qb3 1/2-1/2

[Event "Leutersdorf Muench Braeu op 07th"]
[Site "Leutersdorf"]
[Date "2002.02.15"]
[Round "7"]
[White "Starostits, Andris"]
[Black "Mueller, Giso"]
[Result "1/2-1/2"]
[WhiteElo "2214"]
[BlackElo "1962"]
[PlyCount "118"]
[EventDate "2002.02.11"]
[EventType "swiss"]
[EventRounds "9"]
[EventCountry "GER"]
[SourceTitle "CBM 086 Extra"]
[Source "ChessBase"]
[SourceDate "2002.03.14"]
[SourceVersion "1"]
[SourceVersionDate "2002.03.14"]
[SourceQuality "1"]

1. d4 d5 2. c4 c6 3. e3 Nf6 4. Nf3 e6 5. Nc3 Bd6 6. Qc2 Nbd7 7. Bd3 0-0 8. 0-0 Re8 9. Bd2 a6 10. Rfe1 dxc4 11. Bxc4 b5 12. Bf1 c5 13. dxc5 Nxc5 14. e4 e5 15. Bg5 Bg4 16. Nd5 Bxf3 17. gxf3 Ne6 18. Bxf6 gxf6 19. Kh1 f5 20. exf5 Nd4 21. Qe4 f6 22. Qxd4 exd4 23. Rxe8+ Qxe8 24. Nxf6+ Kf7 25. Nxe8 Kxe8 26. a4 b4 27. Rc1 a5 28. Rc4 Be5 29. Rc5 Bf6 30. Bd3 Ra7 31. f4 Kd7 32. Kg2 Kd6 33. Rb5 Bd8 34. Kf3 Rd7 35. Ke4 Ke7 36. Re5+ Kf8 37. Bb5 Rd6 38. Re6 Rxe6+ 39. fxe6 Bf6 40. Bd3 h6 41. Kd5 Kg7 42. Kd6 Kf8 43. b3 Be7+ 44. Kd7 Bf6 45. f5 Be7 46. Kc6 Bd8 47. Kd6 Be7+ 48. Kd5 Kg7 49. Ke5 Bf6+ 50. Kd6 Kf8 51. Kc5 Bd8 52. Kxd4 Ke7 53. Kc5 Kf6 54. Kb5 Ke7 55. Kc6 Kf6 56. Kd7 Be7 57. f4 Bf8 58. Be4 Be7 59. Kc7 Bc5 1/2-1/2

[Event "Aeskulap op 13th"]
[Site "Goerlitz"]
[Date "1996.04.06"]
[Round "6"]
[White "Just, Gabriele"]
[Black "Mueller, Giso"]
[Result "0-1"]
[WhiteElo "1928"]
[BlackElo "1993"]
[PlyCount "44"]
[EventDate "1996.04.03"]
[EventType "swiss"]
[EventRounds "7"]
[EventCountry "GER"]
[SourceTitle "EXT 2009"]
[Source "ChessBase"]
[SourceDate "2008.11.26"]
[SourceVersion "1"]
[SourceVersionDate "2008.11.26"]
[SourceQuality "1"]

1. d4 Nf6 2. Bg5 e6 3. e3 h6 4. Bh4 b6 5. Bd3 Bb7 6. Nf3 Be7 7. Nbd2 d5 8. Bxf6 gxf6 9. Qe2 Nc6 10. c3 f5 11. Bb5 Bd6 12. Ne5 Bxe5 13. dxe5 a6 14. Bxc6+ Bxc6 15. a4 Rg8 16. f3 Qg5 17. 0-0 Qg7 18. f4 d4 19. e4 d3 20. Qf3 0-0-0 21. b4 fxe4 22. Nxe4 Qg6 0-1

[Event "Aeskulap op 13th"]
[Site "Goerlitz"]
[Date "1996.04.03"]
[Round "1"]
[White "Bielicki, Birke"]
[Black "Mueller, Giso"]
[Result "1-0"]
[WhiteElo "2012"]
[BlackElo "1993"]
[PlyCount "73"]
[EventDate "1996.04.03"]
[EventType "swiss"]
[EventRounds "7"]
[EventCountry "GER"]
[SourceTitle "EXT 2009"]
[Source "ChessBase"]
[SourceDate "2008.11.26"]
[SourceVersion "1"]
[SourceVersionDate "2008.11.26"]
[SourceQuality "1"]

1. d4 Nf6 2. c4 e6 3. Nf3 Bb4+ 4. Bd2 Qe7 5. g3 0-0 6. Bg2 Bxd2+ 7. Nbxd2 d6 8. 0-0 a5 9. e4 e5 10. Qc2 Nc6 11. d5 Nb8 12. b3 Nh5 13. Rac1 Nd7 14. a3 g6 15. b4 axb4 16. axb4 f5 17. exf5 gxf5 18. Rfe1 Qg7 19. Nb3 Ndf6 20. c5 Ne8 21. b5 Nhf6 22. Qc4 Kh8 23. Ra1 Rxa1 24. Rxa1 Qg8 25. Ra8 Ng7 26. cxd6 cxd6 27. Ng5 e4 28. Nd4 h6 29. Nge6 Bxe6 30. Rxf8 Qxf8 31. dxe6 Qe7 32. Bh3 d5 33. Qc8+ Kh7 34. Bxf5+ Nxf5 35. Nxf5 Qe8 36. Qxb7+ Kg6 37. Nh4+ 1-0